Jammu and Kashmir, the cold war and the West / (Record no. 27784)

MARC details
000 -LEADER
fixed length control field 02366nam a22003375a 4500
005 - DATE AND TIME OF LATEST TRANSACTION
control field 20090622162515.0
008 - FIXED-LENGTH DATA ELEMENTS--GENERAL INFORMATION
fixed length control field 090324s2009 ii a b 001 0 eng
010 ## - LCCN (DPL NO)
LC control number ENG-94188
020 ## - INTERNATIONAL STANDARD BOOK NUMBER
International Standard Book Number 9780415544573
Terms of availability 595.00
035 ## - SYSTEM CONTROL NUMBER
System control number EN-77721
035 ## - SYSTEM CONTROL NUMBER
System control number B-361810-815
037 ## - SOURCE OF ACQUISITION
Source of stock number/acquisition DBAD / PUB
037 ## - SOURCE OF ACQUISITION
Source of stock number/acquisition Uppal Book Store
040 ## - CATALOGING SOURCE
Original cataloging agency dpl
Language of cataloging English
082 ## - DEWEY DECIMAL CLASSIFICATION NUMBER
Classification number 954.11
100 ## - MAIN ENTRY--PERSONAL NAME
Personal name Panigrahi, D.N.
245 ## - TITLE STATEMENT
Title Jammu and Kashmir, the cold war and the West /
Statement of responsibility, etc by D.N. Panigrahi
260 ## - PUBLICATION, DISTRIBUTION, ETC. (IMPRINT)
Place of publication, distribution, etc New Delhi
Name of publisher, distributor, etc Routledge
Date of publication, distribution, etc 2009
270 ## - ADDRESS
Address 912-915 Tolstory House, 15-17 Tolstoy Marg
City New Delhi
Postal code 110001
300 ## - PHYSICAL DESCRIPTION
Extent ix, 265p. :
Dimensions 23cm(Hb)
Other physical details b&w photos
500 ## - GENERAL NOTE
General note Includes bibliographical references and index
942 ## - ADDED ENTRY ELEMENTS (KOHA)
Source of classification or shelving scheme Dewey Decimal Classification
Item type English Books
Call number suffix PAN
Classification part 954.11
Holdings
Withdrawn status Lost status Source of classification or shelving scheme Damaged status Not for loan Collection code Home library Current library Date acquired Source of acquisition Cost, normal purchase price Total Checkouts Full call number Barcode Date last seen Copy number Cost, replacement price Koha item type Total Renewals
    Dewey Decimal Classification       Bawana Bawana 08/03/2010 Uppal Book Store/9020/30.1.09/138/16.10.09/30.10.09 595.00 2 954.11 PAN B-361814 20/03/2024 1 595.00 English Books  
    Dewey Decimal Classification       Central Library Central Library 08/03/2010 Uppal Book Store/9020/30.1.09/138/16.10.09/30.10.09 595.00 2 954.11 PAN B-361810 22/08/2017 1 595.00 English Books  
    Dewey Decimal Classification   Not For Loan Non-fiction D.B.Act.Division D.B.Act.Division 22/06/2009 DBAD / PUB 595.00   954.11 PAN EN-77721 22/06/2009 1 595.00 English Books  
    Dewey Decimal Classification       Janak Puri Janak Puri 08/03/2010 Uppal Book Store/9020/30.1.09/138/16.10.09/30.10.09 595.00 9 954.11 PAN B-361812 09/01/2020 1 595.00 English Books 1
    Dewey Decimal Classification       Patel Nagar Patel Nagar 08/03/2010 Uppal Book Store/9020/30.1.09/138/16.10.09/30.10.09 595.00   954.11 PAN B-361811 08/03/2010 1 595.00 English Books  
    Dewey Decimal Classification       Shahdara Branch Shahdara Branch 08/03/2010 Uppal Book Store/9020/30.1.09/138/16.10.09/30.10.09 595.00 2 954.11 PAN B-361815 18/09/2021 1 595.00 English Books  
    Dewey Decimal Classification       Vinoba Puri Vinoba Puri 08/03/2010 Uppal Book Store/9020/30.1.09/138/16.10.09/30.10.09 595.00 7 954.11 PAN B-361813 20/05/2023 1 595.00 English Books  

© Delhi Public Library
Hit Counter
free hit counter